1547 1070 1853 1756 1888 1783 1090 1011 1913 1474 1730 1134 1852 1209 1998 1825 1206 1099 1543 1316 1392 1567 1620 1678 1655 1753 1117 1662 1221 1219 1011 1763 1939 1275 1717 1913 1690 1591 1057 1844 1422 1097 1484 1510 1632 1925 1772 1860 1549 1192 1727 1375 1585 1727 1236 1355 1167 1198 1212 1357 1436 1486 1968 1920 1482 1782 1217 1625 1123 1443 1923 1017 1251 1741 1923 1306 1379 1568 1139 1864 1599 1830 1803 1617 1807 1285 1860 1818 1518 1573 1657 1801 1673 1384 1855 1433 1894 1269 1717 BCNSPRNW ULIB Ver.6.0+V

เปลี่ยนเป็นภาษาไทย

Change to English
 แสดงรายละเอียดบรรณานุกรม
  กลับหน้าหลัก

Brief Record : Get Marc (ISO 2709) : E-mail record : QR code < ปิดหน้าต่าง
LEADER : 00000nam 2200000uu 4500
001    13399114052
003     ULIB
008    111128s2552||||th 000 0 tha d
020    ^a9786110600170
090    ^aนว.^bน319ช 2552
100 0  ^aซินฉ่ง
245 00 ^aชายาลับ/^cซินฉ่ง
250    ^aพิมพ์ครั้งที่ 1
260    ^aกรุงเทพฯ :^bแจ่มใส,^c2552
300    ^a202 หน้า
700 0  กระบี่หลงทิศ ;^eแปล
710 1  ^aแจ่มใส
945    ^p0^l0^i16430
995    ^aทศพร
999    ^aใช้งานได้ทุกระบบ
รายการนี้ยังไม่มีแท็ก
คุณยังไม่ได้ล็อกอิน คุณสามารถมีกิจกรรมร่วมกับเว็บไซต์ได้ แต่ต้องล็อกอินก่อน ::
  ล็อกอิน

รายการสื่อสารสนเทศ

ลำดับที่ ประเภท เลขเรียก/บาร์โค้ด สถานที่ สถานะ
1. นวนิยาย
นวนิยาย
นว. น319ช 2552  
  Barcode: 16430
ห้องสมุดวิทยาเขตสวรรค์ประชารักษ์
►นวนิยาย
บนชั้น
  ขอยืม

รายการใกล้เคียง
    ผู้แต่ง [ซินฉ่ง]

BibComment


ยังไม่เคยถูกคอมเมนท์

คอมเมนท์ทรัพยากรรายการนี้
  คอมเมนท์: ชายาลับ ซินฉ่ง


 Copyright 2026. Bcnsprnw @Library